1 omosessualità : un oggettivo disordine morale? : dettati etici, risonanze morali /

Salvato in:
Dettagli Bibliografici
Autore principale: Tombolato, Valdino (Autore)
Natura: Libro
Lingua:italiano
Pubblicazione: [Rovigo] : Alberto Brigo ed., stampa 2008
Tags: Aggiungi Tag
Nessun Tag, puoi essere il primo ad aggiungerne!!

MARC

LEADER 00000nam a22000007i 4500
001 IT\ICCU\UBO\3646423
003 ItRI
005 20260124121931.0
008 090608s2008 it |||||| ||||| |||||c
040 |b ita  |c CDM 
041 7 |a ita  |2 ISO-639-2 
100 1 |a Tombolato, Valdino  |0 IT\ICCU\CFIV\009021  |4 aut 
245 1 0 |a 1 omosessualità :  |b un oggettivo disordine morale? : dettati etici, risonanze morali /  |c Valdino Tombolato. 
260 |a [Rovigo] :  |b Alberto Brigo ed.,  |c stampa 2008 
300 |a 149 p. ;  |c 20 cm. 
942 |2 ddc  |c BK 
952 |0 0  |1 0  |2 ddc  |4 0  |6 306_766000000000000_TOM_OMO  |7 1  |9 1585  |a RA  |b RA  |d 2024-07-09  |l 0  |o 306.766 TOM OMO  |p 9334  |r 2024-07-09 14:49:19  |w 2024-07-09  |y BK 
952 |0 0  |1 0  |4 0  |6 DOC_306_010000000000000_TOM  |7 0  |9 25028  |a BO  |b BO  |d 2026-01-15  |i 12815  |l 0  |o DOC 306.01 TOM  |p BO12815  |r 2026-01-15 23:23:55  |w 2026-01-15  |x [Sebina 5] [1 v.]  |y BK  |z 1 v. 
999 |c 1404  |d 1404